000 00438cam a2200169 4500
040 _cDLC
082 _a591 SAU 1970 A080 Or.
100 1 _aHazen, William E.
245 1 0 _aReadings in population and community ecology
250 _a2d ed.
260 _aPhiladelphia,
_bSaunders,
_c1970.
300 _aix, 421 p.
_billus.
_c26 cm.
650 0 _aBiotic communities.
650 0 _aPopulation biology.
650 0 _aEcology.
942 _cEK
999 _c15656
_d15656